000 00666nam a2200205Ii 4500
003 JO-AjNU
008 230605s9999||||xx |||||||||||||| ||und||
017 _a1986/4/180
040 _aJO-AjNU
_bara
_erda
_cJO-AjNU
041 _aara
050 1 4 _aLA1473.T3548.1986
100 3 _aالتل،سعيد,
_eauthor
_916468
245 0 0 _aدراسات في التعليم الجامعي
264 3 1 _aعمان:دار اللواء للصحافة والنشر،1986
300 _a278ص
336 _atext
_btxt
_2rdacontent
337 _aunmediated
_bn
_2rdamedia
338 _avolume
_bnc
_2rdacarrier
650 4 _aالتعليم الجامعي-بحوث-الأردن
_916469
999 _aA4890
_c8458
_d8458